Optimisation et commande optimale Recueil; Textes de contrôles des connaissances proposés les années antérieures

Guardat en:
Dades bibliogràfiques
Format: Llibre
Idioma:Undetermined
Publicat: Paris école polytechnique 2000
Etiquetes: Afegir etiqueta
Sense etiquetes, Sigues el primer a etiquetar aquest registre!
Thư viện lưu trữ: Trung tâm Học liệu Trường Đại học Cần Thơ
LEADER 00520nam a2200157Ia 4500
001 CTU_43884
008 210402s9999 xx 000 0 und d
082 |a 512.924 
082 |b O.61c/2000 
245 0 |a Optimisation et commande optimale 
245 0 |b Recueil; Textes de contrôles des connaissances proposés les années antérieures 
260 |a Paris 
260 |b école polytechnique 
260 |c 2000 
904 |i Nguyễn Quang Điền, 010911 
980 |a Trung tâm Học liệu Trường Đại học Cần Thơ